| 000 | 01102nam a2200265Ia 4500 | ||
|---|---|---|---|
| 003 | OSt | ||
| 005 | 20220923210951.0 | ||
| 006 | a|||||r|||| 00| 0 | ||
| 007 | ta | ||
| 008 | 220922b |||||||| |||| 00| 0 urd d | ||
| 020 | _a8126021489 (pb) | ||
| 024 | _a230,897 | ||
| 037 | _cTextual | ||
| 040 |
_aARTS _cARTS _burd |
||
| 041 |
_2urd _aurd |
||
| 082 | _aO168,1M37:g, 152K7;P7 | ||
| 100 |
_aहुसैन, मौलाना अल्ताफ़ ' हाली'; हंसराज ' रहबर', अनु. _9156655 |
||
| 245 | 0 | _aमुक़द्दमा - ए - शे'र - ओ शायरी | |
| 246 | _aMuक़ddamā - e - she'ra - o shāyarī | ||
| 260 |
_aनई दिल्ली _b साहित्य अकादमी _c1967 |
||
| 300 |
_a292पृ0 _ccm. |
||
| 490 | _aभारतीय साहित्य के निर्माता | ||
| 942 |
_hO168,1M37:g, 152K7;P7 _cTEXL _2CC |
||
| 999 |
_c293278 _d293278 |
||